| 000 | 00682nam a2200241 i 4500 | ||
|---|---|---|---|
| 001 | bg | ||
| 100 | 1 | _aKNOTHE, Klaus | |
| 245 | 1 | 0 |
_aGleisdynamik / _cKlaus Knothe. |
| 260 |
_aBerlin : _bErnst & Sohn, _c2001. |
||
| 300 |
_a221 s. : _brys., wykr. ; _c24 cm. |
||
| 490 | 1 | _aBauingenieur-Praxis | |
| 504 | _aBibliogr. s. 187-214. - Indeks. | ||
| 650 | 9 |
_aDynamika _xteoria |
|
| 650 | 9 |
_aMaszyny _xdynamika |
|
| 830 | _aBauingenieur-Praxis | ||
| 020 | _a3433017603 | ||
| 040 | _cBPK | ||
| 041 | 0 | _ade | |
| 920 | _a3-433-01760-3 | ||
| 942 | _cKS | ||
| 008 | s pl f |000 0 pol | ||
| 999 |
_c39946 _d39946 |
||
| 856 |
_uhttp://koha.tu.koszalin.pl/cgi-bin/koha/opac-detail.pl?biblionumber=39946 _yKatalog online BPK |
||